<?xml version="1.0" encoding="UTF-8"?>
<record
    xmlns:xsi="http://www.w3.org/2001/XMLSchema-instance"
    xsi:schemaLocation="http://www.loc.gov/MARC21/slim http://www.loc.gov/standards/marcxml/schema/MARC21slim.xsd"
    xmlns="http://www.loc.gov/MARC21/slim">

  <leader>01231nam a2200337 c 4500</leader>
  <controlfield tag="001">57917</controlfield>
  <controlfield tag="003">CO-BoRNBP</controlfield>
  <controlfield tag="005">20250812200512.0</controlfield>
  <controlfield tag="007">ta</controlfield>
  <controlfield tag="008">221027r20152019ck a   ar     000 1 spa d</controlfield>
  <datafield tag="020" ind1=" " ind2=" ">
    <subfield code="a">9789587434842</subfield>
  </datafield>
  <datafield tag="040" ind1=" " ind2=" ">
    <subfield code="a">CO-BoRNBP</subfield>
    <subfield code="b">spa</subfield>
    <subfield code="e">rda</subfield>
    <subfield code="c">CO-BoRNBP</subfield>
  </datafield>
  <datafield tag="041" ind1="0" ind2=" ">
    <subfield code="a">spa</subfield>
  </datafield>
  <datafield tag="043" ind1=" " ind2=" ">
    <subfield code="0">s-ck---</subfield>
  </datafield>
  <datafield tag="084" ind1=" " ind2=" ">
    <subfield code="a">A</subfield>
  </datafield>
  <datafield tag="100" ind1=" " ind2=" ">
    <subfield code="a">Cu&#xE9;llar Serrano, Olga,</subfield>
    <subfield code="d">1958-</subfield>
    <subfield code="e">aut</subfield>
  </datafield>
  <datafield tag="245" ind1="1" ind2="0">
    <subfield code="a">Escondidas /</subfield>
    <subfield code="c">Olga Cu&#xE9;llar.</subfield>
  </datafield>
  <datafield tag="250" ind1=" " ind2=" ">
    <subfield code="a">Primera edici&#xF3;n</subfield>
    <subfield code="b">Segunda reimpresi&#xF3;n</subfield>
  </datafield>
  <datafield tag="264" ind1=" " ind2="1">
    <subfield code="a">Bogot&#xE1;, Colombia :</subfield>
    <subfield code="b">Distribuidora y Editora Richmond,</subfield>
    <subfield code="c">2019</subfield>
  </datafield>
  <datafield tag="300" ind1=" " ind2=" ">
    <subfield code="a">14 p&#xE1;ginas sin enumerar :</subfield>
    <subfield code="b">ilustraciones a color</subfield>
  </datafield>
  <datafield tag="336" ind1=" " ind2=" ">
    <subfield code="a">texto</subfield>
    <subfield code="b">txt</subfield>
    <subfield code="2">rdacontent</subfield>
  </datafield>
  <datafield tag="337" ind1=" " ind2=" ">
    <subfield code="a">sin mediaci&#xF3;n</subfield>
    <subfield code="b">n</subfield>
    <subfield code="2">rdamedia</subfield>
  </datafield>
  <datafield tag="338" ind1=" " ind2=" ">
    <subfield code="a">volumen</subfield>
    <subfield code="b">nc</subfield>
    <subfield code="2">rdacarrier</subfield>
  </datafield>
  <datafield tag="490" ind1="0" ind2=" ">
    <subfield code="a">Nidos para la lectura</subfield>
    <subfield code="a">Yo no leo, alguien me lee</subfield>
  </datafield>
  <datafield tag="500" ind1=" " ind2=" ">
    <subfield code="a">El material correspondiente a la dotaci&#xF3;n PNLB 2022, corresponde a la segunda reimpresi&#xF3;n de 2019</subfield>
  </datafield>
  <datafield tag="521" ind1=" " ind2=" ">
    <subfield code="a">Recomendado para un p&#xFA;blico infantil hasta 18 meses de edad</subfield>
  </datafield>
  <datafield tag="650" ind1="0" ind2="4">
    <subfield code="a">&#xC1;lbumes infantiles colombianos</subfield>
    <subfield code="y">siglo xx</subfield>
    <subfield code="2">LEMB</subfield>
    <subfield code="9">1018</subfield>
  </datafield>
  <datafield tag="650" ind1="0" ind2="7">
    <subfield code="a">Libros ilustrados para ni&#xF1;os</subfield>
    <subfield code="2">LEMB</subfield>
    <subfield code="9">2001</subfield>
  </datafield>
  <datafield tag="650" ind1="0" ind2="4">
    <subfield code="a">Literatura infantil colombiana</subfield>
    <subfield code="y">siglo xx</subfield>
    <subfield code="2">LEMB</subfield>
    <subfield code="9">364</subfield>
  </datafield>
  <datafield tag="942" ind1=" " ind2=" ">
    <subfield code="2">loc</subfield>
    <subfield code="c">BKLITI</subfield>
  </datafield>
  <datafield tag="999" ind1=" " ind2=" ">
    <subfield code="c">57917</subfield>
    <subfield code="d">57917</subfield>
  </datafield>
  <datafield tag="952" ind1=" " ind2=" ">
    <subfield code="0">0</subfield>
    <subfield code="1">0</subfield>
    <subfield code="2">ddc</subfield>
    <subfield code="4">0</subfield>
    <subfield code="7">0</subfield>
    <subfield code="8">INF</subfield>
    <subfield code="a">MECASARI</subfield>
    <subfield code="b">MECASARI</subfield>
    <subfield code="c">LIT</subfield>
    <subfield code="d">2025-08-12</subfield>
    <subfield code="l">0</subfield>
    <subfield code="o">A</subfield>
    <subfield code="p">MDA001223</subfield>
    <subfield code="r">2025-08-12 20:06:51</subfield>
    <subfield code="t">Ej.1</subfield>
    <subfield code="w">2025-08-12</subfield>
    <subfield code="y">BKLITI</subfield>
  </datafield>
</record>
